Представление документа в формате RUSMARC

ПолеНазваниеЗначение
  Тип записи a
  Библиографический уровень c
001 Контрольный номер RU/SLIB/B/210936040
005 Дата корректировки 20201206204424.7
010 Индекс ISBN __
a ISBN 5-699-03352-1
d Цена 78-00
101 Язык документа __
a Язык текста rus
c Язык оригинала rus
200 Заглавие и сведения об ответственности __
a Заглавие Диверсанты третьего рейха
f Первые сведения об ответственности [отв. ред. С. Рубис]
b Общее обозначение материала Текст
210 Выходные данные __
a Место издания М.
c Издательство ЭКСМО
d Дата издания 2003
215 Физическое описание __
a Объем 416 с.
330 Аннотация __
a Аннотация Диверсионные подразделения вермахта и СС в годы Второй мировой войны, наиболее известных диверсантах и их многочисленных операциях.
517 Другие варианты заглавия __
a Другие варианты заглавия Сталин и Скорцени без длинного рыжка / В. Чернявский
517 Другие варианты заглавия __
a Другие варианты заглавия Отто Скорцени и диверсанты третьего рейха / Ю. Мадер
517 Другие варианты заглавия __
a Другие варианты заглавия Специальные операци Отто Скорцени / Д. Прохоров
517 Другие варианты заглавия __
a Другие варианты заглавия Диверсионные службы третьего рейха против СССР / С. Чуев
600 Персоналии __
a Персоналии (Фамилия) Скорцени О.
600 Персоналии __
a Персоналии (Фамилия) Сталин, И. В.
601 Наименование организации как предмет __
a Наименование организации как предмет СС
606 Тематические рубрики __
a Основная рубрика Право
z Хронологическая подрубрика 20 в.
y Географическая подрубрика Германия
606 Тематические рубрики __
a Основная рубрика Управление административно-политической сферой
610 Ключевые слова __
a Ключевые слова Вторая мировая война; диверсанты; диверсионные отряды; разведывательно-диверсионные организации; разведывательная служба; разведчики; покушения
686 Индексы других классификаций __
a Классификационный индекс 67.401.132(4Гем)
702 Вторичная интеллектуальная ответственность _1
a Фамилия Чернявский
b Имя В.
4 Код отношения Автор
4 Код отношения 070
702 Вторичная интеллектуальная ответственность _1
a Фамилия Мадер
b Имя Ю.
4 Код отношения Автор
4 Код отношения 070
702 Вторичная интеллектуальная ответственность _1
a Фамилия Прохоров
b Имя Д.
4 Код отношения Автор
4 Код отношения 070
702 Вторичная интеллектуальная ответственность _1
a Фамилия Чуев
b Имя С.
4 Код отношения Автор
4 Код отношения 070
702 Вторичная интеллектуальная ответственность _1
a Фамилия Рубис
b Имя С.
4 Код отношения Редактор
4 Код отношения 340
801 Источник записи _0
a Страна RU
b Организация Муниципальное бюджетное учреждение культуры "Централизованная библиотечная система" г. Сургут (Центральная городская библиотека им. А. С. Пушкина)
g Правила каталогизации КиК/Елгина
801 Источник записи _1
a Страна RU
b Организация Муниципальное бюджетное учреждение культуры "Централизованная библиотечная система" г. Сургут (Центральная городская библиотека им. А. С. Пушкина)
g Правила каталогизации КиК/Елгина
852 Данные о местонахождении __
j Шифр хранения 67.401.132(4Гем)
c Каталожный индекс 67.401.212(4Гем)
i Авторский знак Д 44
901 Тип документа 1_
t Тип документа x
903 Характеристики (МАРС) __
a Дата передачи 20060926
969 Тип издания __
a Тип издания сборник
990 Данные о заказе (DOS) __
j Количество экземпляров (DOS) 1
t N записи в КСУ для И/У (DOS) 200610